Escucha y elabora: Programa de desarrollo de destrezas auditivas
Uloženo v:
| Hlavní autoři: | , |
|---|---|
| Médium: | Kniha |
| Jazyk: | španělština |
| Vydáno: |
Ciudad de México
Trillas
1992
|
| Témata: | |
| Tagy: |
Přidat tag
Žádné tagy, Buďte první, kdo vytvoří štítek k tomuto záznamu!
|
MARC
| LEADER | 00000nam a2200000 a 4500 | ||
|---|---|---|---|
| 001 | UCN1884 | ||
| 003 | CL-VaPUC | ||
| 008 | 010504e19920000MX |||||||||||||||||spa|d | ||
| 082 | 0 | 4 | |a 370.155 |b MUÑ |2 21 |
| 100 | |a Muñoz Batha, Elsa |e autora |9 457406 | ||
| 700 | 0 | |a Pacheco Muñoz, Elsa |e author |9 457407 | |
| 245 | 1 | 0 | |a Escucha y elabora: Programa de desarrollo de destrezas auditivas |
| 300 | |a 269 p | ||
| 942 | |c BK | ||
| 945 | |d 20010504 00:00:00 |a cmena | ||
| 260 | |a Ciudad de México |b Trillas |c 1992 | ||
| 650 | 0 | |a Psicología educacional |9 307830 | |
| 650 | 0 | |a Educación preescolar |9 260381 | |
| 650 | 7 | |a PSICOMOTRICIDAD |2 CL-VaPUC |9 241072 | |
| 650 | 0 | |a Audición |9 269632 | |
| 583 | |a last modification |c 20010504 00:00:00 |k Rodrigo Vera | ||
| 999 | |c 295109 |d 295107 | ||
| 952 | |0 0 |1 0 |4 0 |6 370_155000000000000_MUÑ_1992 |7 0 |8 A |9 348040 |a BIBEDU |b BIBEDU |d 2019-11-20 |i 3717712 |o 370.155 MUÑ 1992 |p 3717712 |r 2019-11-20 |w 2019-11-20 |y BK |k EPE | ||
| 952 | |0 0 |1 0 |4 0 |6 370_155000000000000_MUÑ_1992 |7 0 |8 A |9 348041 |a BIBEDU |b BIBEDU |d 2019-11-20 |i 3717720 |o 370.155 MUÑ 1992 |p 3717720 |r 2019-11-20 |w 2019-11-20 |y BK |k EPE | ||